Courts in federal countries : federalists or unitarists? /

"Courts are key players in the dynamics of federal countries since their rulings have a direct impact on the ability of governments to centralize and decentralize power. Courts in Federal Countries examines the role high courts play in thirteen countries, including Australia, Brazil, Canada, Ge...

Full description

Bibliographic Details
Corporate Authors: Courts and judicial systems in federal countries (Conference) Montréal, Québec), JSTOR (Organization), Forum of Federations (sponsoring body.), Québec (Province). Secrétariat aux affaires intergouvernementales canadiennes (sponsoring body.)
Other Authors: Aroney, Nicholas (Editor), Kincaid, John, 1946- (Editor)
Format: Conference Proceeding eBook
Language:English
Language Notes:In English.
Published: Toronto : University of Toronto Press, [2017]
Subjects:
Online Access:Connect to the full text of this electronic book

MARC

Tag First Indicator Second Indicator Subfields
LEADER 00000cam a2200000 i 4500
001 in00004635127
006 m o d
007 cr |||||||||||
008 170608s2017 onc ob 101 0 eng
005 20230103223409.2
010 |a  2019667935 
035 |a (OCoLC)ocn982378193 
040 |a DLC  |b eng  |e rda  |e pn  |c DLC  |d EBLCP  |d YDX  |d ORE  |d UAB  |d CELBN  |d IOG  |d JSTOR  |d U3G  |d COO  |d IAA  |d LOA  |d ELW  |d CHVBK  |d LND  |d VT2  |d MERER  |d VFL  |d ICG  |d U3W  |d OAPEN  |d SNK  |d BTN  |d UKKNU  |d KF5  |d ICN  |d CEF  |d VTS  |d BIBBD  |d IGB  |d ZQP  |d AUW  |d MHW  |d INTCL  |d BRX  |d OTZ  |d EZ9  |d AU@  |d ERL  |d WYU  |d G3B  |d LVT  |d S8I  |d S8J  |d S9I  |d TKN  |d YOU  |d STF  |d D6H  |d TXR  |d AGLDB  |d W2U  |d UPM  |d DKC  |d CNTRU  |d M8D  |d CNMTR  |d UKAHL  |d ESU  |d K6U  |d HS0  |d EQF  |d NJT  |d RDF  |d UKBTH  |d UHL  |d S2H  |d LIP  |d SFB  |d AUD  |d UEJ  |d ERD  |d N$T  |d OCLCO  |d OCLCQ  |d OCLCO  |d OCLCQ 
019 |a 982158181  |a 982225806  |a 982331718  |a 982394369  |a 982531825  |a 982778926  |a 983023450  |a 983353896  |a 1023564248 
020 |a 9781487511470  |q (electronic bk.) 
020 |a 1487511477  |q (electronic bk.) 
020 |a 9781487514662  |q (electronic bk.) 
020 |a 1487514662  |q (electronic bk.) 
020 |z 1487500629  |q (hbk. ;  |q alk. paper) 
020 |z 9781487500627  |q (hbk. ;  |q alk. paper) 
035 |a (OCoLC)982378193  |z (OCoLC)982158181  |z (OCoLC)982225806  |z (OCoLC)982331718  |z (OCoLC)982394369  |z (OCoLC)982531825  |z (OCoLC)982778926  |z (OCoLC)983023450  |z (OCoLC)983353896  |z (OCoLC)1023564248 
037 |a 22573/ctt1wfqdcd  |b JSTOR 
037 |a 100138  |b Knowledge Unlatched 
050 0 0 |a K3370.A6 
055 0 |a K3370  |b C69 2017 
055 0 7 |a B-181696 
072 7 |a LAW  |x 012000  |2 bisacsh 
072 7 |a LAW  |x 062000  |2 bisacsh 
072 7 |a POL  |x 040030  |2 bisacsh 
082 0 4 |a 347/.035  |2 23 
084 |a cci1icc  |2 lacc 
084 |a coll13  |2 lacc 
049 |a TXAM 
111 2 |a Courts and judicial systems in federal countries (Conference)  |d (2012 :  |c Montréal, Québec) 
245 1 0 |a Courts in federal countries :  |b federalists or unitarists? /  |c edited by Nicholas Aroney and John Kincaid. 
264 1 |a Toronto :  |b University of Toronto Press,  |c [2017] 
300 |a 1 online resource(xiv, 583 pages)) 
336 |a text  |b txt  |2 rdacontent 
337 |a computer  |b c  |2 rdamedia 
338 |a online resource  |b cr  |2 rdacarrier 
500 |a "In March 2012, the Forum of Federations, in collaboration with the Secrétariat aux affaires intergouvernementales canadiennes, Government of Quebec, held an international conference entitled "Courts and judicial systems in Federal countries"...in Montreal".--Pages xi-xii. 
504 |a Includes bibliographical references and index. 
505 0 |a Introduction : courts in federal countries / Nicholas Aroney and John Kincaid -- The High Court of Australia : textual unitarism vs structural federalism / Nicholas Aroney -- The Constitutional Court of Belgium : safeguard of the autonomy of the communities and regions / Patrick Peeters and Jens Mosselmans -- The Supreme Federal Court of Brazil : protecting democracy and centralized power / Gilberto Marcos Antonio Rodrigues, Marco Antonio Garcia Lopes Lorencini, and Augusto Zimmermann -- The Supreme Court of Canada : the concept of cooperative federalism and its effect on the balance of power / Eugénie Brouillet -- The Supreme Court of Ethiopia : federalism's bystander / Gedion T. Hessebon and Abduletif K. Idris -- The Federal Constitutional Court of Germany : guardian of unitarism and federalism / Arthur Benz -- The Supreme Court of India : the rise of judicial power and the protection of federalism / Manish Tewari and Rekha Saxena -- The Supreme Court of Mexico : reconfiguring federalism through constitutional adjudication and amendment after single-party rule / José Antonio Caballero Juárez -- The Supreme Court of Nigeria : an embattled judiciary more centralist than federalist / Rotimi T. Suberu -- The Constitutional Court of South Africa : reinforcing an hourglass system of multilevel government / Nico Steytler -- The Constitutional Court of Spain : from system balancer to polarizing centralist / Elisenda Casanas Adam -- The Federal Supreme Court of Switzerland : fudicial balancing of federalism without judicial review / Andreas Lienhard, Daniel Kettiger, Jacques Bühler, Loranne Mérillat, and Daniela Winkler -- The Supreme Court of the United States : promoting centralization more than state autonomy / Ilya Somin -- Comparative observations and conclusions / Nicholas Aroney and John Kincaid. 
520 |a "Courts are key players in the dynamics of federal countries since their rulings have a direct impact on the ability of governments to centralize and decentralize power. Courts in Federal Countries examines the role high courts play in thirteen countries, including Australia, Brazil, Canada, Germany, India, Nigeria, Spain, and the United States. The volume's contributors analyse the centralizing or decentralizing forces at play following a court's ruling on issues such as individual rights, economic affairs, social issues, and other matters. The thirteen substantive chapters have been written to facilitate comparability between the countries. Each chapter outlines a country's federal system, explains the constitutional and institutional status of the court system, and discusses the high court's jurisprudence in light of these features. Courts in Federal Countries offers insightful explanations of judicial behaviour in the world's leading federations."--  |c Provided by publisher 
588 0 |a Print version record; resource not viewed. 
542 1 |f This work is licensed by Knowledge Unlatched under a Creative Commons license  |u https://creativecommons.org/licenses/by-nc-nd/4.0/legalcode 
546 |a In English. 
650 0 |a Constitutional courts  |v Congresses. 
650 0 |a Federal government  |v Congresses. 
650 0 |a Constitutional courts  |v Case studies. 
650 0 |a Federal government  |v Case studies. 
650 6 |a Cours constitutionnelles  |v Études de cas. 
650 6 |a Gouvernement fédéral  |v Études de cas. 
650 6 |a Cours constitutionnelles  |v Congrès. 
650 7 |a LAW  |x Civil Procedure.  |2 bisacsh 
650 7 |a LAW  |x Legal Services.  |2 bisacsh 
650 7 |a POLITICAL SCIENCE  |x Government  |x Judicial Branch.  |2 bisacsh 
650 7 |a Constitutional courts.  |2 fast  |0 (OCoLC)fst00875771 
650 7 |a Federal government.  |2 fast  |0 (OCoLC)fst00922333 
650 7 |a Einheitsstaat  |2 gnd 
650 7 |a Föderalismus  |2 gnd 
650 7 |a Rechtsvergleich  |2 gnd 
650 7 |a Verfassungsgericht  |2 gnd 
653 |a Federal courts 
655 7 |a Electronic books.  |2 local 
655 4 |a Case studies. 
655 7 |a Conference papers and proceedings.  |2 fast  |0 (OCoLC)fst01423772 
655 7 |a Case studies.  |2 fast  |0 (OCoLC)fst01423765 
700 1 |a Aroney, Nicholas,  |e editor. 
700 1 |a Kincaid, John,  |d 1946-  |e editor. 
710 2 |a JSTOR (Organization) 
710 2 |a Forum of Federations,  |e sponsoring body. 
710 1 |a Québec (Province).  |b Secrétariat aux affaires intergouvernementales canadiennes,  |e sponsoring body. 
776 0 8 |i Print version:  |t Courts in federal countries.  |d Toronto : University of Toronto Press, [2017]  |z 9781487500627  |w (DLC) 2016590357 
810 2 |a BiblioLabs, LLC.  |t Books. 
856 4 0 |u https://www.jstor.org/stable/10.3138/j.ctt1whm97c  |z Connect to the full text of this electronic book  |t 0 
955 |a JSTOR Open Access ebooks 
994 |a 92  |b TXA 
999 f f |s edda0075-1ad2-4d0b-ab1e-3527bda28457  |i 7d280184-dec5-4001-973c-ac2246d6fb6c  |t 0 
952 f f |a Texas A&M University  |b College Station  |c Electronic Resources  |d Available Online  |t 0  |e K3370.A6   |h Library of Congress classification 
998 f f |a K3370.A6   |t 0  |l Available Online